00646nam a22002177a 450000500170000001000130001702000100003003500130004003700160005304000120006908200160008110000240009724501000012125000110022126000440023227000570027630000260033350000200035965000080037965000410038720170124110006.0 aA-524172 c00.00 aA-524172 bCen Lib/Ret aDPLbEN a343.04bSHU aShuklendra, Acharya aSurvey, search, seizure and settlement of cases : cby Acharya Shulendra bunder direct taxes / a2nd ed aAllahabadbModren Law Publicationc1989 a8, Hastings Road, Near Hgh Court bAllahabade211003 axlvii,448p.c24cm(Hb) aIncludes index. aLaw aMilitary, tax trade & industrial law